000
00337nam a2200145Ia 4500
008
100122s9999 xx 000 0 und d
082
_b
48858
_a
823
100
_a
HELM ERIC
245
_a
SOLDIERS MEDAL
260
_b
A GOLD EAGLE BOOK
_c
1987
300
_a
219
630
_a
SOLDIERS MEDAL
730
_a
SOLDIERS MEDAL
942
_c
BOOK
999
_c
374813
_d
374810